| 000 | 00445cam a2200181ua 4500 | ||
|---|---|---|---|
| 001 | 4198 | ||
| 008 | 111220n ii |||gr||||Z||||||asm | ||
| 040 | _cMAIN | ||
| 082 | _a891.4513 | ||
| 100 | 1 | _aMalik, Syed Abdul, | |
| 245 | 1 | 1 |
_aMaram maram lage _cby Syed Abdul Malik |
| 250 | _a3rd. | ||
| 260 |
_aGuwahati: _bStudents stores,986. |
||
| 300 |
_a179p: _c23cm. |
||
| 653 | _aAssamese short stories | ||
| 653 | _aMaram maram lage | ||
| 942 | _cBK | ||
| 999 |
_c4020 _d4020 |
||